Eastern Utah Libraries Catalog: Duchesne, Heber, Roosevelt, & Vernal

Little Red and the very hungry lion / (Record no. 216916)

MARC details
000 -LEADER
fixed length control field 03648cam a2200661 i 4500
001 - CONTROL NUMBER
control field 2332179
005 - DATE AND TIME OF LATEST TRANSACTION
control field 20161221173005.0
008 - FIXED-LENGTH DATA ELEMENTS--GENERAL INFORMATION
fixed length control field 150722t20162015nyua b 000 0 eng c
010 ## - LIBRARY OF CONGRESS CONTROL NUMBER
LC control number 2015027660
020 ## - INTERNATIONAL STANDARD BOOK NUMBER
International Standard Book Number 9780545914383
Qualifying information (hardcover) :
Terms of availability $17.99
020 ## - INTERNATIONAL STANDARD BOOK NUMBER
International Standard Book Number 0545914388
Qualifying information (hardcover) :
Terms of availability $17.99
035 ## - SYSTEM CONTROL NUMBER
System control number (OCoLC)914339347
035 ## - SYSTEM CONTROL NUMBER
System control number 2307670
035 ## - SYSTEM CONTROL NUMBER
System control number (OCoLC)914339347
035 ## - SYSTEM CONTROL NUMBER
System control number (OCoLC)ocn914339347
035 ## - SYSTEM CONTROL NUMBER
System control number 2307670
040 ## - CATALOGING SOURCE
Original cataloging agency NJQ/DLC
Language of cataloging eng
Description conventions rda
Transcribing agency ZQP
Modifying agency DLC
-- OCLCO
-- BDX
-- YDXCP
-- BTCTA
-- NYP
-- IK2
-- IHX
-- IGA
042 ## - AUTHENTICATION CODE
Authentication code lcac
-- pcc
049 ## - LOCAL HOLDINGS (OCLC)
Holding library IGAA
050 00 - LIBRARY OF CONGRESS CALL NUMBER
Classification number PZ8.S3977
Item number Li 2016
082 04 - DEWEY DECIMAL CLASSIFICATION NUMBER
Classification number 398.2
-- E
Edition number 23
092 ## - LOCALLY ASSIGNED DEWEY CALL NUMBER (OCLC)
Classification number E
999 ## - SYSTEM CONTROL NUMBERS (KOHA)
Koha Dewey Subclass [OBSOLETE] E
100 1# - MAIN ENTRY--PERSONAL NAME
Personal name Smith, Alex T.,
Relator term author,
-- illustrator.
9 (RLIN) 5716426
245 10 - TITLE STATEMENT
Title Little Red and the very hungry lion /
Statement of responsibility, etc Alex T. Smith.
250 ## - EDITION STATEMENT
Edition statement First edition.
264 #1 - Production, Publication, Distribution, Manufacture, and Copyright Notice.
Place of production, publication, distribution, manufacture New York, NY :
Name of producer, publisher, distributor, manufacturer Scholastic Press, an imprint of Scholastic Inc.,
-- [2016] ©2015
300 ## - PHYSICAL DESCRIPTION
Extent 1 volume (unpaged) :
Other physical details color illustrations ;
Dimensions 28 cm
336 ## - Content Type
Content type term text
336 ## - Content Type
Content type term still image
337 ## - Media type
Media type term unmediated
338 ## - Carrier type
Carrier type term volume
500 ## - GENERAL NOTE
General note "Originally published in the United Kingdom by Scholastic Children's Books in 2015." -- Copyright page.
520 ## - SUMMARY, ETC.
Summary, etc In this version of Little Red Riding Hood, set on the African plains, Little Red realizes what the Very Hungry Lion is up to, and teaches him a lesson before generously sharing her donuts with him.
650 #0 - SUBJECT ADDED ENTRY--TOPICAL TERM
Topical term or geographic name as entry element Little Red Riding Hood (Tale)
General subdivision Adaptations
Form subdivision Juvenile fiction.
9 (RLIN) 5716427
650 #0 - SUBJECT ADDED ENTRY--TOPICAL TERM
Topical term or geographic name as entry element Lion
Form subdivision Juvenile fiction.
9 (RLIN) 5716428
650 #1 - SUBJECT ADDED ENTRY--TOPICAL TERM
Topical term or geographic name as entry element Fairy tales.
9 (RLIN) 83743
650 #1 - SUBJECT ADDED ENTRY--TOPICAL TERM
Topical term or geographic name as entry element Folklore.
9 (RLIN) 84104
655 #7 - INDEX TERM--GENRE/FORM
Genre/form data or focus term Fairy tales.
Source of term lcgft
9 (RLIN) 83743
655 #7 - INDEX TERM--GENRE/FORM
Genre/form data or focus term Humorous fiction.
Source of term lcgft
9 (RLIN) 102662
655 #7 - INDEX TERM--GENRE/FORM
Genre/form data or focus term Humorous fiction.
Source of term gsafd
9 (RLIN) 102662
730 0# - ADDED ENTRY--UNIFORM TITLE
Uniform title Little Red Riding Hood.
Language of a work English.
9 (RLIN) 5716429
942 ## - ADDED ENTRY ELEMENTS (KOHA)
Source of classification or shelving scheme Dewey Decimal Classification
Koha item type BOOK
948 ## - LOCAL PROCESSING INFORMATION (OCLC); SERIES PART DESIGNATOR (RLIN)
Series part designator, SPT (RLIN) BOL
b (OCLC) CHILDREN'S
p (OCLC) X113967020
k (OCLC) J
h (OCLC) E
f (OCLC) 1
r (OCLC) 2
g (OCLC) 1
7 (OCLC) 0
u (OCLC) 3
w (OCLC) 11
s (OCLC) 0
o (OCLC) BOL
0 (OCLC) $17.99
y (OCLC) 99
c (OCLC) 94
j (OCLC) Dewey Decimal
n (OCLC) On-Order
e (OCLC) 1109270-6
9 (OCLC) Item generated Aug 10 2016 4:07PM
948 ## - LOCAL PROCESSING INFORMATION (OCLC); SERIES PART DESIGNATOR (RLIN)
Series part designator, SPT (RLIN) BAP
b (OCLC) CHILDREN'S
p (OCLC) X108694936
k (OCLC) J
h (OCLC) E
f (OCLC) 1
r (OCLC) 2
g (OCLC) 1
7 (OCLC) 0
u (OCLC) 3
w (OCLC) 11
s (OCLC) 0
o (OCLC) BAP
0 (OCLC) $17.99
y (OCLC) 99
c (OCLC) 94
j (OCLC) Dewey Decimal
n (OCLC) On-Order
e (OCLC) 1109270-5
9 (OCLC) Item generated Aug 10 2016 4:07PM
948 ## - LOCAL PROCESSING INFORMATION (OCLC); SERIES PART DESIGNATOR (RLIN)
Series part designator, SPT (RLIN) BSK
b (OCLC) CHILDREN'S
p (OCLC) X114308844
k (OCLC) J
h (OCLC) E
f (OCLC) 1
r (OCLC) 2
g (OCLC) 1
7 (OCLC) 0
u (OCLC) 3
w (OCLC) 11
s (OCLC) 0
o (OCLC) BSK
0 (OCLC) $17.99
y (OCLC) 99
c (OCLC) 94
j (OCLC) Dewey Decimal
n (OCLC) On-Order
e (OCLC) 1109270-1
9 (OCLC) Item generated Aug 10 2016 4:07PM
948 ## - LOCAL PROCESSING INFORMATION (OCLC); SERIES PART DESIGNATOR (RLIN)
Series part designator, SPT (RLIN) BBL
b (OCLC) CHILDREN'S
p (OCLC) X113190870
k (OCLC) J
h (OCLC) E
f (OCLC) 1
r (OCLC) 2
g (OCLC) 1
7 (OCLC) 0
u (OCLC) 3
w (OCLC) 11
s (OCLC) 0
o (OCLC) BBL
0 (OCLC) $17.99
y (OCLC) 99
c (OCLC) 94
j (OCLC) Dewey Decimal
n (OCLC) On-Order
e (OCLC) 1109270-4
9 (OCLC) Item generated Aug 10 2016 4:07PM
948 ## - LOCAL PROCESSING INFORMATION (OCLC); SERIES PART DESIGNATOR (RLIN)
Series part designator, SPT (RLIN) BFP
b (OCLC) CHILDREN'S
p (OCLC) X114971005
k (OCLC) J
h (OCLC) E
f (OCLC) 1
r (OCLC) 2
g (OCLC) 1
7 (OCLC) 0
u (OCLC) 3
w (OCLC) 11
s (OCLC) 0
o (OCLC) BFP
0 (OCLC) $17.99
y (OCLC) 99
c (OCLC) 94
j (OCLC) Dewey Decimal
n (OCLC) On-Order
e (OCLC) 1109270-3
9 (OCLC) Item generated Aug 10 2016 4:07PM
948 ## - LOCAL PROCESSING INFORMATION (OCLC); SERIES PART DESIGNATOR (RLIN)
Series part designator, SPT (RLIN) CCL
b (OCLC) CHILDREN'S
p (OCLC) X110044856
k (OCLC) J
h (OCLC) E
f (OCLC) 1
r (OCLC) 2
g (OCLC) 1
7 (OCLC) 0
u (OCLC) 3
w (OCLC) 11
s (OCLC) 0
o (OCLC) CCL
0 (OCLC) $17.99
y (OCLC) 99
c (OCLC) 94
j (OCLC) Dewey Decimal
n (OCLC) On-Order
e (OCLC) 1109270-2
9 (OCLC) Item generated Aug 10 2016 4:07PM
948 ## - LOCAL PROCESSING INFORMATION (OCLC); SERIES PART DESIGNATOR (RLIN)
Series part designator, SPT (RLIN) NP
b (OCLC) CHILDREN'S
p (OCLC) X114862469
k (OCLC) J
h (OCLC) E
f (OCLC) 1
r (OCLC) 2
g (OCLC) 1
7 (OCLC) 0
u (OCLC) 3
w (OCLC) 11
s (OCLC) 0
o (OCLC) NP
0 (OCLC) $17.99
y (OCLC) 99
c (OCLC) 94
j (OCLC) Dewey Decimal
n (OCLC) On-Order
e (OCLC) 1109270-7
9 (OCLC) Item generated Aug 10 2016 4:07PM
Holdings
Withdrawn status Lost status Source of classification or shelving scheme Damaged status Not for loan Collection code Home library Current library Shelving location Date acquired Source of acquisition Cost, normal purchase price Total Checkouts Total Renewals Full call number Barcode Checked out Date last seen Date checked out Cost, replacement price Price effective from Koha item type
    Dewey Decimal Classification     Children Picture Books Wasatch County Library Wasatch County Library Main Floor Childrens Area 10/18/2017   17.99 44 27 E Smi 34301001504945 04/24/2026 02/23/2026 02/23/2026 17.99 03/20/2020 BOOK
    Dewey Decimal Classification     Children Picture Books Wasatch County Library Wasatch County Library Main Floor Childrens Area 05/18/2017 Amazon 17.99 50 28 E Smi 34301001358383 05/05/2026 03/09/2026 03/09/2026 17.99 03/20/2020 BOOK
This project was made possible through a grant from the Institute of Museum and Library Service administered by the Utah State Library Division.

Wasatch County Library

  • 465 East 1200 South, Heber City, Utah 84032
  • Phone 435-654-1511 | Fax 435-654-6456

Hours

  • Monday - Friday 9:30 AM - 8:00 PM
  • Saturday 9:30 AM - 1:30 PM
  • Closed Sundays and Holidays